Statistiken für Geographie nach Bild - D

Klicken Sie hier um das Quiz zu spielen!

Allgemein

  • Dieses Quiz wurde 5.085 mal gespielt
    (5.083 seit der letzten Aktualisierung)
  • Das Durchschnittsergebnis liegt bei 9 aus 18

Antwortstatistiken

Antwort% Korrekt
Dubai
93%
Donau
87%
Dänemark
86%
Delta
70%
Dominica
63%
Delaware
59%
Dschibuti
54%
Dublin
53%
Dover
51%
Detroit
42%
Dubrovnik
37%
Dalmatien
34%
Doha
33%
Denali
26%
{Deutsche} Bucht
26%
Delhi
24%
Dakar
21%
Dardanellen
16%

Verteilung der Resultate

Perzentil nach korrekt beantworteten Fragen

Anzahl Personen mit jedem Resultat

Ihre Resultats-Entwicklung

Sie haben dieses Quiz seit der letzten Aktualisierung nicht gespielt